Derecho administrativo chileno y comparado. La función pública.

Uloženo v:
Podrobná bibliografie
Hlavní autor: Silva Cimma, Enrique (autor)
Další autoři: Verdugo Lay, Aliro
Médium: Kniha
Jazyk:španělština
Vydáno: Santiago, Chile: Jurídica de Chile, 1993
Vydání:Primera edición
Témata:
Tagy: Přidat tag
Žádné tagy, Buďte první, kdo vytvoří štítek k tomuto záznamu!

MARC

LEADER 00000nam a2200000 a 4500
001 UCV3480
003 CL-VaPUC
005 20250403111516.0
008 930813e19930000CL |||||||||||||||||spa|d
999 |c 210676  |d 210674 
040 |c Pontificia Universidad Católica de Valparaíso 
082 0 4 |a 342.06 SIL 1993  |2 21 
100 1 |a Silva Cimma, Enrique  |e autor  |9 435753 
245 1 0 |a Derecho administrativo chileno y comparado.  |b La función pública. 
250 |a Primera edición 
260 |a Santiago, Chile:  |b Jurídica de Chile,  |c 1993 
300 |a 267 páginas. 
583 |a last modification  |c 19930813 00:00:00  |k Rodrigo Vera 
650 |a Derecho administrativo chileno  |9 461009 
650 |a Derecho comparado  |9 255664 
650 |a Función pública  |9 343165 
700 |a Verdugo Lay, Aliro  |9 890462 
942 |c BK  |2 ddc 
945 |d 19930813 00:00:00  |a aalvarez 
952 |0 0  |1 0  |4 0  |6 342_060000000000000_SIL_1993  |7 0  |8 A  |9 187091  |a BIBDER  |b BIBDER  |d 2019-11-14  |i 2547775  |l 7  |o 342.06 SIL 1993  |p 2547775  |r 2023-01-25  |s 2021-04-28  |w 2019-11-14  |y BK  |k DER 
952 |0 0  |1 0  |4 0  |6 342_060000000000000_SIL_1993  |7 0  |8 A  |9 187092  |a BIBDER  |b BIBDER  |d 2019-11-14  |i 2969440  |l 2  |m 2  |o 342.06 SIL 1993  |p 2969440  |r 2024-01-02  |s 2024-01-02  |w 2019-11-14  |y BK  |k DER